MARC details
| 001 - CONTROL NUMBER |
| control field |
12263851 |
| 003 - CONTROL NUMBER IDENTIFIER |
| control field |
000 |
| 005 - DATE AND TIME OF LATEST TRANSACTION |
| control field |
20251011181426.0 |
| 008 - FIXED-LENGTH DATA ELEMENTS--GENERAL INFORMATION |
| fixed length control field |
001221s2000 enk b 001 0 eng |
| 010 ## - LIBRARY OF CONGRESS CONTROL NUMBER |
| LC control number |
00054985 |
| 020 ## - INTERNATIONAL STANDARD BOOK NUMBER |
| International Standard Book Number |
9781032936130 |
| 020 ## - INTERNATIONAL STANDARD BOOK NUMBER |
| International Standard Book Number |
9781032936130 |
| 035 ## - SYSTEM CONTROL NUMBER |
| System control number |
12263851 |
| 040 ## - CATALOGING SOURCE |
| Original cataloging agency |
DLC |
| Transcribing agency |
DLC |
| Modifying agency |
DLC |
| -- |
WaU |
| -- |
DLC |
| Description conventions |
rda |
| 043 ## - GEOGRAPHIC AREA CODE |
| Geographic area code |
e-yu--- |
| -- |
a-io--- |
| 050 00 - LIBRARY OF CONGRESS CALL NUMBER |
| Classification number |
DR 2087 .C47 |
| 082 00 - DEWEY DECIMAL CLASSIFICATION NUMBER |
| Classification number |
949.71 |
| Edition number |
21 |
| 100 1# - MAIN ENTRY--PERSONAL NAME |
| Personal name |
Chomsky, Noam. |
| 245 12 - TITLE STATEMENT |
| Title |
A new generation draws the line : |
| Remainder of title |
Kosovo, East Timor, and the standards of the West / |
| Statement of responsibility, etc |
Noam Chomsky. |
| 250 ## - EDITION STATEMENT |
| Edition statement |
3rd. ed. |
| 260 ## - PUBLICATION, DISTRIBUTION, ETC. (IMPRINT) |
| Place of publication, distribution, etc |
London ; |
| -- |
New York : |
| Name of publisher, distributor, etc |
Routledge |
| Date of publication, distribution, etc |
2025 |
| 264 ## - PUBLICATION, DISTRIBUTION, ETC. (IMPRINT) |
| Place of publication, distribution, etc |
London ; |
| Name of publisher, distributor, etc |
Routledge |
| Date of publication, distribution, etc |
2025 |
| 300 ## - PHYSICAL DESCRIPTION |
| Extent |
154 p. ; |
| Dimensions |
20 cm. |
| 336 ## - CONTENT TYPE |
| Content type term |
text |
| Content type code |
txt |
| Source |
rdacontent |
| 337 ## - MEDIA TYPE |
| Media type term |
unmediated |
| Media type code |
n |
| Source |
rdamedia |
| 338 ## - CARRIER TYPE |
| Carrier type term |
volume |
| Carrier type code |
nc |
| Source |
rdacarrier |
| 504 ## - BIBLIOGRAPHY, ETC. NOTE |
| Bibliography, etc |
Includes bibliographical references and index. |
| 650 #0 - SUBJECT ADDED ENTRY--TOPICAL TERM |
| Topical term or geographic name as entry element |
Kosovo War, 1998-1999. |
| 650 #0 - SUBJECT ADDED ENTRY--TOPICAL TERM |
| Topical term or geographic name as entry element |
World politics |
| Chronological subdivision |
1989- |
| 651 #0 - SUBJECT ADDED ENTRY--GEOGRAPHIC NAME |
| Geographic name |
Timor-Leste |
| General subdivision |
History |
| -- |
Autonomy and independence movements. |
| 906 ## - LOCAL DATA ELEMENT F, LDF (RLIN) |
| a |
7 |
| b |
cbc |
| c |
orignew |
| d |
1 |
| e |
ocip |
| f |
20 |
| g |
y-gencatlg |
| 942 ## - ADDED ENTRY ELEMENTS (KOHA) |
| Source of classification or shelving scheme |
Library of Congress Classification |
| Koha item type |
Books |